1406 1017 1725 1674 1196 1745 1426 1126 1209 1220 1609 1712 1759 1383 1692 1753 1792 1554 1288 1511 1963 1058 1581 1639 1687 1913 1066 1144 1277 1409 1787 1066 1932 1094 1850 1705 1861 1200 1949 1232 1700 1931 1770 1592 1601 1016 1162 1966 1705 1314 1665 1366 1782 1968 1406 1366 1345 1872 1371 1163 1464 1360 1263 1720 1385 1522 1053 1576 1454 1566 1744 1967 1228 1203 1302 1572 1546 1393 1257 1778 1147 1693 1188 1035 1812 1503 1533 1644 1307 1361 1214 1376 1865 1570 1882 1765 1648 1229 1726 BCNSPRNW ULIB Ver.6.0+V

เปลี่ยนเป็นภาษาไทย

Change to English
 แสดงรายละเอียดบรรณานุกรม
  กลับหน้าหลัก

Brief Record : Get Marc (ISO 2709) : E-mail record : QR code < ปิดหน้าต่าง
LEADER : 00000nam 2200000uu 4500
001    13399123427
003     ULIB
008    140915s2551||||th 000 0 tha d
099    วจWK810^bจ469พ
100 0  จินดาวรรณ เงารัศมี
245 00 พฤติกรรมการดูแลตนเองของผู้สูงอายุโรคเบาหวานที่ไม่สามารถควบคุมระดับน้ำตาลใในเลือดได้ ในเขตอำเภอเมือง จังหวัดพิษณุโลก
945    ^p0^l0^i026578
999    ^aเกษร โพธิ์สุวรรณ
รายการนี้ยังไม่มีแท็ก
คุณยังไม่ได้ล็อกอิน คุณสามารถมีกิจกรรมร่วมกับเว็บไซต์ได้ แต่ต้องล็อกอินก่อน ::
  ล็อกอิน

รายการสื่อสารสนเทศ

ลำดับที่ ประเภท เลขเรียก/บาร์โค้ด สถานที่ สถานะ
1. งานวิจัย
งานวิจัย
วจWK810 จ469พ ฉ.1 
  Barcode: 026578
ห้องสมุดวิทยาเขตสวรรค์ประชารักษ์
►วิจัย
บนชั้น

BibComment


ยังไม่เคยถูกคอมเมนท์

คอมเมนท์ทรัพยากรรายการนี้
  คอมเมนท์: พฤติกรรมการดูแลตน..


 Copyright 2026. Bcnsprnw @Library